| 000 | 00365nam a2200157Ia 4500 | ||
|---|---|---|---|
| 008 | 230312s9999||||xx |||||||||||||| ||und|| | ||
| 020 | _a0415234999 | ||
| 082 |
_a300 _bSTR-I |
||
| 100 | _aStrinati,Dominic | ||
| 245 | 0 | _aIntroduction theories of papular culture | |
| 260 |
_bRoutledge _c2004 |
||
| 300 | _a286 | ||
| 546 | _aEng. | ||
| 650 | _aMass com | ||
| 942 | _cBK | ||
| 999 |
_c807 _d807 |
||